Optical fiber communications systems : Theory and Practice with MATLAB and Simulink Models
Saved in:
| Main Author: | |
|---|---|
| Format: | Book |
| Language: | English |
| Published: |
Boca Raton :
CRC Press,
2010
|
| Subjects: | |
| Tags: |
No Tags, Be the first to tag this record!
|
MARC
| LEADER | 00000nam a22000003a 4500 | ||
|---|---|---|---|
| 001 | stu219578 | ||
| 005 | 20150617230120.8 | ||
| 008 | 101217s1985----xxu-----------------eng-d | ||
| 020 | |a 978-1-4398-0620-3 | ||
| 040 | |a STU |b slo | ||
| 041 | 0 | |a eng | |
| 044 | |a xxu | ||
| 080 | |a 621.391.63 | ||
| 080 | |a 621.383 | ||
| 080 | |a 681.7.068 | ||
| 084 | |a A4280S |2 INS | ||
| 084 | |a A4281 |2 INS | ||
| 084 | |a B6260 |2 INS | ||
| 084 | |a B4125 |2 INS | ||
| 084 | |a B4130 |2 INS | ||
| 100 | 1 | |a Binh, Le Nguyen |4 aut | |
| 245 | 1 | |a Optical fiber communications systems : |b Theory and Practice with MATLAB and Simulink Models | |
| 260 | |a Boca Raton : |b CRC Press, |c 2010 | ||
| 300 | |a 534 s | ||
| 650 | 7 | |a optické komunikácie |2 stusub | |
| 650 | 7 | |a optické vlákna |2 stusub | |
| 650 | 7 | |a vláknová optika |2 stusub | |
| 650 | 7 | |a optoelektronika |2 stusub | |
| 996 | |b 284EK88572 |c E*88572 |l EE16 |s P |a 0 |w stu219578_0001 | ||